Kriteria wali palsu

Bibliographic Details
Main Author: Muhammad Al-Hamid
Format: Book
Published: Kuala Lumpur : Jasmin Enterprise , 2002
Subjects:

MARC

LEADER 00000cam a2200000 7i4500
001 0000013563
005 20080304.0
008 170108
020 |a 9832565022 
090 0 0 |a 297.4   |b ABD 
100 1 |a Muhammad Al-Hamid 
245 0 0 |a Kriteria wali palsu   |c Muhammad Al-Hamid 
260 |a Kuala Lumpur :   |b Jasmin Enterprise ,   |c 2002 
650 0 |a Religions life   |x Islam 
650 0 |a Spiritual life   |x Islam 
650 0 |a Sufism 
999 |a 0001005913   |b Book   |c Adult Collection   |e Perbadanan Perpustakaan Awam Johor 
999 |a 0001005915   |b Book   |c Adult Collection   |e Perbadanan Perpustakaan Awam Johor 
999 |a 0001008819   |b Book   |c Adult Collection   |e Perbadanan Perpustakaan Awam Johor 
999 |a 0001008820   |b Book   |c Adult Collection   |e Perbadanan Perpustakaan Awam Johor 
999 |a 0001008821   |b Book   |c Adult Collection   |e Desa - PPAJ